| 000 | 01339cam a2200265 4500 | ||
|---|---|---|---|
| 001 | ABS67738 | ||
| 008 | 040507n2004 000 0 eng u | ||
| 035 | _a(Sirsi) u126148 | ||
| 100 | _aBirch, J. | ||
| 245 | _aAffordable for who? | ||
| 260 | _c2004 | ||
| 490 |
_aRoof _v29(3) May/June 2004, 18-19(2) |
||
| 520 | _aAssesses the notion of affordability targets in the context of the proposal in the Barker review "Delivering stability : securing our future housing needs - final report" (ISBN 1845320107). Barker proposes replacing the demographic projections that currently dictate the allocation of land with specific market affordability targets set by newly merged regional planning and housing bodies. Land for housing would be released once the affordability trigger points are reached. The complexities of producing a precise affordability measure are revealed in the new Roof Housing Affordability Index (see X126174). Previous governments have fought shy of adopting an explicit affordability formula. | ||
| 590 | _aABS | ||
| 590 | _aABS | ||
| 650 | _aHOUSING SUPPLY | ||
| 650 | _aROOF AFFORDABILITY INDEX | ||
| 650 | _aLAND SUPPLY | ||
| 650 | _aREGIONAL PLANNING BODIES | ||
| 650 | _aREGIONAL HOUSING BOARDS | ||
| 650 | _aAFFORDABILITY | ||
| 650 | _aBARKER REVIEW | ||
| 690 | _aHOUSING-MARKET | ||
| 942 | _n0 | ||
| 999 |
_c117329 _d117329 |
||